[Event "Ligue du Lyonnais"]
[Site "?"]
[Date "2009.05.17"]
[Round "2.3"]
[White "Martin, Julien"]
[Black "Daillere, Roland"]
[Result "1/2-1/2"]
[WhiteElo "1370"]
[BlackElo "1360"]
[PlyCount "122"]
[EventDate "2009.??.??"]

1. e4 d5 2. exd5 Qxd5 3. Nc3 Qa5 4. Nf3 Bg4 5. d4 Nc6 6. Bb5 Nf6 7. Bxc6+ bxc6
8. O-O e6 9. a3 Qh5 10. Qd3 Bxf3 11. Qxf3 Qxf3 12. gxf3 Bd6 13. Ne4 Nh5 14.
Nxd6+ cxd6 15. Bd2 O-O 16. Kh1 Rfe8 17. c3 e5 18. Rfe1 exd4 19. cxd4 Re6 20.
Bb4 Rae8 21. Bd2 Rxe1+ 22. Bxe1 Nf4 23. Bc3 h6 24. Rg1 Ne2 25. Re1 Kf8 26. Bb4
Re6 27. Bxd6+ Rxd6 28. Rxe2 Rxd4 29. Kg2 g6 30. Rc2 Rd6 31. Kg3 Ke7 32. h4 h5
33. Kf4 Kf6 34. Kg3 g5 35. Rc5 gxh4+ 36. Kxh4 Rd2 37. Rxc6+ Kg7 38. Kxh5 Rxb2
39. Rc7 Rxf2 40. Kg4 a5 41. Ra7 Ra2 42. Rxa5 Kg6 43. f4 Rg2+ 44. Kf3 Ra2 45. a4
Ra3+ 46. Ke4 f5+ 47. Ke5 Re3+ 48. Kd4 Re4+ 49. Kc5 Rxf4 50. Ra6+ Kg5 51. a5 Rf2
52. Ra8 Ra2 53. a6 f4 54. a7 f3 55. Kb6 f2 56. Rg8+ Kf4 57. Rf8+ Kg3 58. Kb7
Kg2 59. Rg8+ Kh1 60. Rf8 Kg2 61. Rxf2+ Kxf2 1/2-1/2

[Event "Ligue du Lyonnais"]
[Site "?"]
[Date "2009.05.17"]
[Round "2.1"]
[White "Buisine, Roman"]
[Black "Marie, Michel"]
[Result "1-0"]
[WhiteElo "1540"]
[BlackElo "1499"]
[PlyCount "77"]
[EventDate "2009.??.??"]

1. e4 e5 2. Nf3 Nf6 3. Nc3 Bb4 4. Nxe5 O-O 5. d3 Bxc3+ 6. bxc3 Qe8 7. f4 d6 8.
Nf3 Qc6 9. c4 Re8 10. Nd4 Qc5 11. Be3 c6 12. Qd2 d5 13. cxd5 cxd5 14. e5 Ng4
15. Rc1 Nxe3 16. Qxe3 Qa5+ 17. Kf2 Qxa2 18. Be2 Nc6 19. Nxc6 bxc6 20. Qc5 Bb7
21. Ra1 Qb2 22. Rhb1 Qb6 23. Rxb6 axb6 24. Rxa8 Bxa8 25. Qxb6 h6 26. d4 Re6 27.
Qb8+ Kh7 28. Qxa8 f5 29. exf6 Rxf6 30. g3 g5 31. Bd3+ Kg7 32. Kf3 Re6 33. Ba6
Re1 34. Qxc6 Ra1 35. Qxd5 Rxa6 36. Qb7+ Kg6 37. Qxa6+ Kh5 38. g4+ Kh4 39. Qxh6#
1-0

[Event "Ligue du Lyonnais"]
[Site "?"]
[Date "2009.05.17"]
[Round "2.2"]
[White "Megnot, Philippe"]
[Black "Allabrune, Guillaume"]
[Result "0-1"]
[WhiteElo "1470"]
[BlackElo "1400"]
[PlyCount "82"]
[EventDate "2009.??.??"]

1. e4 e5 2. Bc4 Nf6 3. d3 Bc5 4. Bg5 O-O 5. Nf3 Nc6 6. O-O d6 7. h3 Bd7 8. Nc3
h6 9. Bh4 Na5 10. Bb3 Nxb3 11. axb3 a6 12. Nd5 Kh8 13. Nh2 c6 14. Nxf6 gxf6 15.
Qh5 Kh7 16. Kh1 Rg8 17. f4 exf4 18. Rxf4 Bd4 19. Raf1 Rg6 20. c3 Be5 21. R4f3
c5 22. b4 Qh8 23. Ng4 Bxg4 24. hxg4 Kg7 25. Bf2 b6 26. d4 Rg5 27. Qh4 h5 28.
dxe5 hxg4 29. Qxh8+ Rxh8+ 30. Bh4 gxf3 31. exf6+ Kg6 32. Rxf3 Rxh4+ 33. Kg1
Rxe4 34. bxc5 bxc5 35. Kf2 Rf5 36. b3 Rxf3+ 37. gxf3 Rh4 38. Ke3 Rh3 39. Ke4
Kxf6 40. Ke3 Ke5 41. Kf2 Kf4 0-1

[Event "Ligue du Lyonnais"]
[Site "?"]
[Date "2009.05.17"]
[Round "2.3"]
[White "Michalon, Guillaume"]
[Black "Rasle, Corentin"]
[Result "0-1"]
[WhiteElo "1199"]
[BlackElo "1350"]
[PlyCount "42"]
[EventDate "2009.??.??"]

1. e4 e6 2. Nf3 d5 3. Nc3 Nf6 4. Be2 Nxe4 5. Nxe4 dxe4 6. Nd4 Bd6 7. O-O Nd7 8.
b3 Be5 9. Nb5 Bxa1 10. Ba3 Be5 11. d3 Nf6 12. dxe4 Bd7 13. Nxc7+ Qxc7 14. Bd6
Qxd6 15. Qxd6 Bxd6 16. c4 O-O 17. a4 Rfe8 18. Rd1 Bb4 19. e5 Ng4 20. Bxg4 Bc6
21. Re1 Bxe1 0-1

[Event "Ligue du Lyonnais"]
[Site "?"]
[Date "2009.05.17"]
[Round "3.1"]
[White "Adamus, Jeremy"]
[Black "Cizeron, Frederic"]
[Result "1-0"]
[WhiteElo "2040"]
[BlackElo "2106"]
[PlyCount "51"]
[EventDate "2009.??.??"]

1. d4 d5 2. Nf3 Nf6 3. c4 c6 4. cxd5 cxd5 5. Nc3 Nc6 6. Ne5 Qb6 7. e3 Bf5 8. g4
Bg6 9. h4 h6 10. Nxg6 fxg6 11. Bd3 O-O-O 12. Na4 Qc7 13. Nc5 Rd6 14. f4 b6 15.
Na6 Qd7 16. Be2 Rg8 17. Bd2 g5 18. hxg5 hxg5 19. fxg5 Ne4 20. Bb5 e5 21. Nb4
Qe7 22. Nxc6 Qxg5 23. Nxe5 Rh6 24. Qc2+ Kb8 25. Rh5 Rxh5 26. Nd7+ 1-0

[Event "Ligue du Lyonnais"]
[Site "?"]
[Date "2009.05.17"]
[Round "3.2"]
[White "Celette, Robert"]
[Black "Guevorkian, Spartak"]
[Result "1/2-1/2"]
[WhiteElo "2065"]
[BlackElo "1920"]
[PlyCount "97"]
[EventDate "2009.??.??"]

1. d4 d5 2. c4 c6 3. cxd5 cxd5 4. Nc3 Nf6 5. Nf3 Bf5 6. e3 a6 7. Qa4+ Nbd7 8.
Ne5 e6 9. Bd3 Bxd3 10. Nxd3 Bd6 11. h3 O-O 12. O-O Rc8 13. Qd1 Qc7 14. Bd2 Qb8
15. f4 Rc6 16. Ne5 Bxe5 17. fxe5 Ne8 18. Ne2 f6 19. exf6 Rxf6 20. Nf4 Nd6 21.
Qg4 Ne4 22. Bb4 Qe8 23. Rac1 Rf5 24. Rxc6 bxc6 25. Nxe6 Rxf1+ 26. Kxf1 Qf7+ 27.
Nf4 h5 28. Qg6 Qxg6 29. Nxg6 Kf7 30. Ne7 c5 31. dxc5 Kxe7 32. c6+ Ndc5 33. Ba5
Kd6 34. c7 Kd7 35. Ke2 Ne6 36. Kd3 Nf6 37. b4 Nxc7 38. Kd4 Kc6 39. a4 Kd6 40.
Bxc7+ Kxc7 41. Ke5 h4 42. b5 axb5 43. axb5 g5 44. b6+ Kb7 45. Kd6 g4 46. Ke5
gxh3 47. gxh3 Ng4+ 48. Kxd5 Nxe3+ 49. Ke4 1/2-1/2

[Event "Ligue du Lyonnais"]
[Site "?"]
[Date "2009.05.17"]
[Round "3.3"]
[White "Sayou, Patrick"]
[Black "Aumont-Mathieu, Georges"]
[Result "1/2-1/2"]
[WhiteElo "1499"]
[BlackElo "1820"]
[PlyCount "44"]
[EventDate "2009.??.??"]

1. d4 Nf6 2. Nf3 d5 3. e3 Bf5 4. c4 c6 5. Nc3 e6 6. Bd3 Ne4 7. Bxe4 dxe4 8. Nd2
Bb4 9. a3 Qa5 10. Qc2 Bg6 11. O-O f5 12. Nb3 Qc7 13. axb4 h6 14. Ne2 O-O 15.
Bd2 Nd7 16. Nf4 Bf7 17. d5 cxd5 18. Rac1 dxc4 19. Nd4 Qe5 20. Qxc4 g6 21. Nde2
Nf6 22. Qb5 Nd5 1/2-1/2

[Event "Ligue du Lyonnais"]
[Site "?"]
[Date "2009.05.17"]
[Round "3.4"]
[White "Carteron, Olivier"]
[Black "Bournez, Gerard"]
[Result "1-0"]
[WhiteElo "1780"]
[BlackElo "1460"]
[PlyCount "40"]
[EventDate "2009.??.??"]

1. e4 c5 2. c3 e6 3. d4 cxd4 4. cxd4 d5 5. e5 Bb4+ 6. Nc3 Bd7 7. a3 Bxc3+ 8.
bxc3 Ne7 9. f4 a6 10. a4 h6 11. Nf3 O-O 12. Bd3 Nbc6 13. O-O Ng6 14. g3 f5 15.
exf6 Qxf6 16. Ba3 Rfe8 17. Ne5 Ngxe5 18. fxe5 Qg5 19. Qf3 Ne7 20. Qf8+ Rxf8 1-0

[Event "Ligue du Lyonnais"]
[Site "?"]
[Date "2009.05.17"]
[Round "3.1"]
[White "Deville, Olivier"]
[Black "Carrot, Axel"]
[Result "0-1"]
[WhiteElo "2004"]
[BlackElo "1680"]
[PlyCount "72"]
[EventDate "2009.??.??"]

1. c4 e5 2. Nc3 Nf6 3. Nf3 Nc6 4. g3 Bc5 5. Bg2 O-O 6. O-O d6 7. d3 h6 8. Rb1
a6 9. a3 Nh7 10. Nd5 Ne7 11. b4 Ba7 12. Bd2 f5 13. Qc2 Ng6 14. b5 c6 15. bxc6
bxc6 16. Nc3 f4 17. d4 Bf5 18. Qb3 Bxb1 19. c5+ d5 20. Rxb1 exd4 21. Nxd4 Qf6
22. Nxc6 fxg3 23. Qxd5+ Kh8 24. fxg3 Qf2+ 25. Kh1 Qxc5 26. Qd7 Ne5 27. Nxe5
Qxe5 28. Bxa8 Rxa8 29. Rb7 Bd4 30. Qc6 Rf8 31. Bf4 Ng5 32. Rb1 Qf5 33. Rd1 Bxc3
34. Qxc3 Ne4 35. Qe5 Qxe5 36. Bxe5 Nf2+ 0-1

[Event "Ligue du Lyonnais"]
[Site "?"]
[Date "2009.05.17"]
[Round "3.2"]
[White "Masson, Guillaume"]
[Black "Muller, Anthony"]
[Result "0-1"]
[WhiteElo "1520"]
[BlackElo "1920"]
[PlyCount "42"]
[EventDate "2009.??.??"]

1. e4 e6 2. d4 d5 3. e5 c5 4. Nf3 Qb6 5. b3 Nc6 6. Bb2 cxd4 7. Bxd4 Nxd4 8.
Nxd4 Bc5 9. c3 a5 10. Bd3 Bd7 11. Qg4 Ne7 12. O-O Ng6 13. Nf3 Qc7 14. Re1 O-O
15. Qh5 Qb6 16. Re2 Bb5 17. c4 dxc4 18. bxc4 Rfd8 19. cxb5 Rxd3 20. Nbd2 Nf4
21. Nc4 Qxb5 0-1

[Event "Ligue du Lyonnais"]
[Site "?"]
[Date "2009.05.17"]
[Round "3.3"]
[White "Perez, Christian"]
[Black "Chambosse, Alexis"]
[Result "1-0"]
[WhiteElo "1480"]
[BlackElo "1490"]
[PlyCount "75"]
[EventDate "2009.??.??"]

1. d4 d5 2. c4 c6 3. Nc3 Nf6 4. Nf3 Bf5 5. Bf4 Nbd7 6. e3 e6 7. cxd5 exd5 8.
Bd3 Bxd3 9. Qxd3 Be7 10. h3 O-O 11. O-O Nb6 12. b3 Bd6 13. Bxd6 Qxd6 14. Rfe1
Nbd7 15. e4 Nxe4 16. Nxe4 dxe4 17. Rxe4 Nf6 18. Rh4 a5 19. g4 h6 20. Kh1 g5 21.
Rxh6 Qf4 22. Re1 Kg7 23. Rxf6 Qxf6 24. Re5 Kh6 25. Qe3 Rae8 26. h4 Rxe5 27.
dxe5 Qg6 28. Nd4 Kh7 29. h5 Qb1+ 30. Kg2 Kh6 31. Nf5+ Kh7 32. Qxg5 Qe4+ 33. Kg3
Qd3+ 34. f3 Qxf5 35. Qxf5+ Kh8 36. Qf6+ Kh7 37. g5 Rg8 38. Qh6# 1-0

[Event "Ligue du Lyonnais"]
[Site "?"]
[Date "2009.05.17"]
[Round "3.4"]
[White "Mougne, William"]
[Black "Mialon, Franck"]
[Result "0-1"]
[WhiteElo "1420"]
[BlackElo "1360"]
[PlyCount "34"]
[EventDate "2009.??.??"]

1. e4 e5 2. Nf3 Nc6 3. Bb5 a6 4. Bc4 Nd4 5. O-O d6 6. c3 Nxf3+ 7. Qxf3 Nf6 8.
d4 Bg4 9. Qd3 exd4 10. cxd4 b5 11. Bd5 Nxd5 12. exd5 Be7 13. Re1 O-O 14. Qe4
Re8 15. Qxg4 Bh4 16. Rxe8+ Qxe8 17. Qxh4 Qe1# 0-1

[Event "Ligue du Lyonnais"]
[Site "?"]
[Date "2009.05.17"]
[Round "3.1"]
[White "Moleins, Adrien"]
[Black "Ben Habchi, Nordine"]
[Result "1-0"]
[WhiteElo "1688"]
[BlackElo "1470"]
[PlyCount "69"]
[EventDate "2009.??.??"]

1. e4 b6 2. d4 d6 3. Bd3 c5 4. e5 Bb7 5. Bb5+ Nc6 6. d5 Qc7 7. dxc6 Bxc6 8.
Bxc6+ Qxc6 9. Qf3 d5 10. c4 e6 11. Nc3 Ne7 12. Bg5 dxc4 13. Bxe7 Qxf3 14. Nxf3
Bxe7 15. O-O-O O-O 16. Nd2 a6 17. Nxc4 b5 18. Nb6 Ra7 19. Ne4 c4 20. Rd7 Rxd7
21. Nxd7 Rd8 22. Rd1 Kh8 23. Ndc5 Ra8 24. Rd7 Bxc5 25. Nxc5 Kg8 26. Nb7 g6 27.
Rd8+ Rxd8 28. Nxd8 a5 29. Nc6 a4 30. Nd4 b4 31. Nc6 b3 32. a3 Kg7 33. Na5 f5
34. Nxc4 g5 35. Nb6 1-0

[Event "Ligue du Lyonnais"]
[Site "?"]
[Date "2009.05.17"]
[Round "3.2"]
[White "Boeuf, Jean-Julien"]
[Black "Djouder, Larbi"]
[Result "0-1"]
[WhiteElo "1400"]
[BlackElo "1780"]
[PlyCount "20"]
[EventDate "2009.??.??"]

1. e4 c5 2. c3 d5 3. exd5 Qxd5 4. d4 Nf6 5. Nf3 Bg4 6. Be2 c4 7. Nfd2 b5 8. O-O
e6 9. h3 Bh5 10. Bf3 Bd6 0-1

[Event "Ligue du Lyonnais"]
[Site "?"]
[Date "2009.05.17"]
[Round "3.3"]
[White "Minchilli, Franco"]
[Black "Martin, Julien"]
[Result "1-0"]
[WhiteElo "1670"]
[BlackElo "1370"]
[PlyCount "29"]
[EventDate "2009.??.??"]

1. e4 e5 2. Nc3 Nf6 3. f4 d6 4. Nf3 exf4 5. d4 Nc6 6. Bxf4 d5 7. e5 Ne4 8. Nxe4
dxe4 9. Ng5 Bf5 10. Bc4 Bg6 11. c3 h6 12. Nxf7 Bxf7 13. Bxf7+ Kxf7 14. O-O g5
15. Bxg5+ 1-0

[Event "Ligue du Lyonnais"]
[Site "?"]
[Date "2009.05.17"]
[Round "3.4"]
[White "Lerbret, Bernard"]
[Black "Schlick, Paul"]
[Result "0-1"]
[WhiteElo "1299"]
[BlackElo "1440"]
[PlyCount "80"]
[EventDate "2009.??.??"]

1. d4 f5 2. Bf4 d6 3. Nc3 g6 4. Nf3 Nf6 5. e3 Bg7 6. Bd3 O-O 7. Bc4+ Kh8 8. O-O
e6 9. Ng5 d5 10. Bb3 Nh5 11. Be5 Bxe5 12. dxe5 Qxg5 13. g3 Nc6 14. Nb5 Qe7 15.
c4 Nxe5 16. cxd5 Rd8 17. Qe2 exd5 18. Rac1 c6 19. Nd4 Be6 20. Nxe6 Qxe6 21.
Rfd1 Rac8 22. f4 Ng4 23. Rd3 c5 24. Ba4 a6 25. Qc2 b5 26. Qc3+ Kg8 27. Bc2 c4
28. Rd4 Qxe3+ 29. Qxe3 Nxe3 30. Bb1 Rd6 31. Rc3 Re8 32. b3 b4 33. Rc1 c3 34.
Bd3 a5 35. Bb5 Re4 36. Rxe4 fxe4 37. Re1 c2 38. Rc1 d4 39. Bc4+ Kg7 40. Re1 d3
0-1

[Event "Ligue du Lyonnais"]
[Site "?"]
[Date "2009.05.17"]
[Round "3.1"]
[White "Libiszewski, Christian"]
[Black "Buisine, Roman"]
[Result "1/2-1/2"]
[WhiteElo "1690"]
[BlackElo "1540"]
[PlyCount "47"]
[EventDate "2009.??.??"]

1. e4 e5 2. Nf3 Nc6 3. d4 exd4 4. Nxd4 Bc5 5. Be3 Qf6 6. c3 Nxd4 7. cxd4 Bb6 8.
Bc4 d6 9. Nc3 Be6 10. Bxe6 fxe6 11. O-O Ne7 12. f4 Nc6 13. e5 Qf7 14. exd6 cxd6
15. Nb5 O-O-O 16. Qf3 a6 17. Nc3 Bxd4 18. Bxd4 Nxd4 19. Qf2 Nc6 20. Rac1 Qc7
21. Ne2 Kb8 22. Nd4 Rde8 23. Rfe1 e5 24. fxe5 $11 1/2-1/2

[Event "Ligue du Lyonnais"]
[Site "?"]
[Date "2009.05.17"]
[Round "3.2"]
[White "Allabrune, Guillaume"]
[Black "Simon, Joel"]
[Result "1-0"]
[WhiteElo "1400"]
[BlackElo "1640"]
[PlyCount "91"]
[EventDate "2009.??.??"]

1. e4 d6 2. d4 Nf6 3. Nc3 g6 4. Nf3 Bg7 5. Bc4 O-O 6. O-O Nxe4 7. Bxf7+ Rxf7 8.
Nxe4 Bg4 9. Qd3 Bxf3 10. Ng5 Bd5 11. Qb5 Bc6 12. Nxf7 Kxf7 13. Qb3+ e6 14. Re1
Bd5 15. Qg3 Bxd4 16. Qf4+ Qf6 17. Qxf6+ Bxf6 18. Bh6 Nd7 19. Rad1 e5 20. Rxd5
g5 21. h4 gxh4 22. Re4 Nc5 23. Rc4 Ke6 24. Rd1 Rg8 25. Kh2 b5 26. Rc3 e4 27.
Rh3 Nd7 28. Re1 d5 29. f3 Kf5 30. Be3 a6 31. Bf2 Ne5 32. fxe4+ dxe4 33. Bxh4
Ng4+ 34. Kh1 Rd8 35. Bg3 h6 36. Kg1 c5 37. Rf1+ Kg6 38. Bh4 Rd2 39. Bxf6 Nxf6
40. Rg3+ Kf7 41. Rg4 Rd6 42. Rxe4 Kg6 43. Re5 c4 44. Rfe1 Rd2 45. Re6 Kg5 46.
Rxa6 1-0

[Event "Ligue du Lyonnais"]
[Site "?"]
[Date "2009.05.17"]
[Round "3.4"]
[White "Allabrune, Florian"]
[Black "Vaccaro, Pierre"]
[Result "0-1"]
[WhiteElo "1009"]
[BlackElo "1520"]
[PlyCount "46"]
[EventDate "2009.??.??"]

1. e4 c5 2. Nc3 e5 3. Nf3 d6 4. Bb5+ Bd7 5. Bxd7+ Qxd7 6. d3 Nf6 7. Bg5 Be7 8.
Bxf6 Bxf6 9. O-O O-O 10. Nd5 Be7 11. Nxe7+ Qxe7 12. b3 Nc6 13. c4 Nd4 14. Nxd4
cxd4 15. g3 Qf6 16. a3 Rfe8 17. Qg4 Re6 18. b4 Qh6 19. c5 dxc5 20. bxc5 Rg6 21.
Qe2 Qh3 22. Qb2 Rh6 23. Qxb7 Qxh2# 0-1

[Event "Ligue du Lyonnais"]
[Site "?"]
[Date "2009.05.17"]
[Round "3.1"]
[White "Joly, Christian"]
[Black "Marie, Michel"]
[Result "1-0"]
[WhiteElo "1480"]
[BlackElo "1499"]
[PlyCount "75"]
[EventDate "2009.??.??"]

1. e4 e5 2. Nf3 Nc6 3. d4 Nf6 4. Nxe5 Nxe5 5. dxe5 Nxe4 6. Bc4 Qf6 7. exf6 Nxf6
8. O-O Be7 9. Re1 c6 10. a3 d5 11. Ba2 Ne4 12. Nd2 Bf5 13. Nxe4 Bxe4 14. c4 Rd8
15. Qg4 O-O 16. Bh6 Bf6 17. Bg5 Rd6 18. Bxf6 Rxf6 19. Rad1 Bf5 20. Qd4 Rg6 21.
Re3 Bg4 22. Rde1 Bd7 23. cxd5 Rg4 24. Re4 Rg5 25. R1e3 Rg6 26. Rg3 Rxg3 27.
fxg3 Bf5 28. Rf4 Bg6 29. dxc6 bxc6 30. Qxa7 h5 31. Qc7 c5 32. Qc6 Re8 33. Qxg6
Re1+ 34. Kf2 Re7 35. Rxf7 Rxf7+ 36. Qxf7+ Kh7 37. Bb1+ Kh6 38. Qg6# 1-0

[Event "Ligue du Lyonnais"]
[Site "?"]
[Date "2009.05.17"]
[Round "3.2"]
[White "Megnot, Philippe"]
[Black "Trottet, Francois"]
[Result "1-0"]
[WhiteElo "1470"]
[BlackElo "1470"]
[PlyCount "89"]
[EventDate "2009.??.??"]

1. e4 e6 2. d4 d5 3. e5 c5 4. c3 Nc6 5. Nf3 Nge7 6. Be2 Nf5 7. O-O cxd4 8. cxd4
Qb6 9. Nc3 Nfxd4 10. Rb1 Nxe2+ 11. Qxe2 Bc5 12. Na4 Qa5 13. b3 Be7 14. Bd2 Qc7
15. Rbc1 Bd7 16. b4 Qb8 17. b5 Nd8 18. Nc5 Bxc5 19. Rxc5 b6 20. Rc2 O-O 21.
Rfc1 Nb7 22. Bb4 Rc8 23. Rxc8+ Bxc8 24. Qc2 Na5 25. Bxa5 bxa5 26. Qc7 h6 27. a4
Qb6 28. Qe7 Ba6 29. Rc7 Rf8 30. h3 Bxb5 31. axb5 Qxb5 32. Rxa7 a4 33. Qa3 d4
34. Rxa4 d3 35. Rd4 Qc6 36. Rxd3 Ra8 37. Qe7 Ra1+ 38. Kh2 Qe4 39. Rd8+ Kh7 40.
Qxf7 Ra8 41. Qg8+ Kg6 42. Qxe6+ Kh7 43. Qg8+ Kg6 44. Rd6+ Kh5 45. g4+ 1-0

[Event "Ligue du Lyonnais"]
[Site "?"]
[Date "2009.05.17"]
[Round "3.3"]
[White "Daillere, Roland"]
[Black "Rasle, Corentin"]
[Result "1/2-1/2"]
[WhiteElo "1360"]
[BlackElo "1350"]
[PlyCount "99"]
[EventDate "2009.??.??"]

1. e4 e6 2. d4 d5 3. Nc3 Bb4 4. Bd2 Nf6 5. a3 Bxc3 6. Bxc3 Nxe4 7. Bd3 Nxc3 8.
bxc3 Bd7 9. Nf3 Qe7 10. O-O O-O 11. Qd2 c5 12. Ng5 g6 13. Rab1 cxd4 14. cxd4 b6
15. Ra1 Nc6 16. c3 Rfe8 17. Rfe1 Qf6 18. Re2 e5 19. dxe5 Rxe5 20. Nf3 Rxe2 21.
Bxe2 Re8 22. Re1 Qe7 23. h3 Be6 24. Bb5 Qc5 25. Bxc6 Qxc6 26. Ne5 Qd6 27. Nf3
Qxa3 28. Ne5 Qd6 29. Ng4 Bd7 30. Rxe8+ Bxe8 31. Nh6+ Kg7 32. Qg5 Qf6 33. Qe3
Bd7 34. Ng4 Bxg4 35. hxg4 a5 36. g5 Qe7 37. Qd4+ Kg8 38. Qh4 b5 39. Qf4 Kg7 40.
Qd4+ Kg8 41. Qf4 Qd7 42. Qb8+ Kg7 43. Qe5+ Kf8 44. Qb8+ Qe8 45. Qd6+ Kg8 46.
Qxd5 a4 47. f4 Qe1+ 48. Kh2 Qh4+ 49. Kg1 Qxf4 50. Qxb5 1/2-1/2